[Event "Manikyanagar Chanchal Dad Memorial"]
[Site "Manikyanagar"]
[Date "2024.07.24"]
[Round "1"]
[White "Vaishnav, Jigyasa"]
[Black "Bhavya, Gupta1"]
[Result "0-1"]
[WhiteElo "1438"]
[BlackElo "1789"]
[PlyCount "84"]
[EventDate "2024.07.24"]
[EventType "swiss"]
[EventRounds "9"]
[EventCountry "IND"]
[SourceTitle "EXT 2025"]
[Source "ChessBase"]
[SourceDate "2024.10.14"]
[SourceVersion "1"]
[SourceVersionDate "2024.10.14"]
[SourceQuality "1"]

1. d4 Nf6 2. c4 e6 3. a3 d5 4. Nc3 Be7 5. Nf3 0-0 6. Bf4 b6 7. e3 Bb7 8. cxd5 exd5 9. Bd3 Re8 10. h3 Bd6 11. Bg5 h6 12. Bh4 c6 13. 0-0 Nbd7 14. Rc1 g5 15. Bg3 Bxg3 16. fxg3 Rxe3 17. Qd2 Qe7 18. Ne5 Rxe5 19. dxe5 Nxe5 20. Kh2 Re8 21. Rce1 Qd6 22. Qf2 Kg7 23. Bc2 Neg4+ 24. hxg4 Nxg4+ 25. Kg1 Nxf2 26. Kxf2 Qc5+ 27. Kf3 Rxe1 28. Rxe1 d4 29. Ne4 Qxc2 30. Re2 Qd3+ 31. Kf2 c5 32. Nd6 Bd5 33. g4 Be6 34. Re4 Qd2+ 35. Re2 Qf4+ 36. Ke1 Qxd6 37. Kf2 Qf4+ 38. Ke1 d3 39. Rd2 Qe3+ 40. Kd1 Bb3+ 41. Kc1 Qe1+ 42. Rd1 Qxd1# 0-1